Loading...
| Fine Arts - Visual Fine Arts | 0 | 5 | 0 | 1 | 50 | 81 | 122.80 | 0 | 0 |
| Mythology | 0 | 5 | 0 | 0 | 50 | 43 | 63.80 | 1 | 4 |
| Literature - American Literature | 0 | 3 | 0 | 1 | 30 | 71 | 115.00 | 0 | 0 |
| Philosophy | 0 | 4 | 2 | 1 | 30 | 72 | 89.50 | 1 | 3 |
| History - World History | 0 | 3 | 0 | 0 | 30 | 48 | 102.33 | 1 | 1 |
| Religion | 0 | 3 | 1 | 1 | 25 | 56 | 92.00 | 0 | 2 |
| History - American History | 0 | 2 | 0 | 0 | 20 | 70 | 70.00 | 1 | 2 |
| Science - Chemistry | 0 | 2 | 0 | 1 | 20 | 122 | 123.00 | 0 | 0 |
| Social Science | 0 | 2 | 1 | 0 | 15 | 79 | 95.50 | 0 | 1 |
| Fine Arts - Other Fine Arts | 0 | 1 | 0 | 1 | 10 | 115 | 115.00 | 0 | 0 |
| Literature - European Literature | 0 | 0 | 1 | 0 | -5 | 0.00 | 0 | 0 | |
| Fine Arts - Classical Music | 0 | 0 | 1 | 0 | -5 | 0.00 | 0 | 0 |